Art Newspaper (Record no. 118637)

MARC details
000 -LEADER
fixed length control field 00739cas a22002295a 4500
001 - CONTROL NUMBER
control field ##L99064
008 - FIXED-LENGTH DATA ELEMENTS--GENERAL INFORMATION
fixed length control field 070608c1983 xxkmr p 0 a0eng
022 0# - INTERNATIONAL STANDARD SERIAL NUMBER
International Standard Serial Number 0960-6556
035 ## - SYSTEM CONTROL NUMBER
System control number (Sirsi) u99064
041 0# - LANGUAGE CODE
Language code of text/sound track or separate title eng
245 00 - TITLE STATEMENT
Title Art Newspaper
260 3# - PUBLICATION, DISTRIBUTION, ETC.
Place of publication, distribution, etc. Turin
-- London
Name of publisher, distributor, etc. Umberto Allemandi
Date of publication, distribution, etc. 1983-
362 1# - DATES OF PUBLICATION AND/OR SEQUENTIAL DESIGNATION
Dates of publication and/or sequential designation Cancelled March 2009
520 ## - SUMMARY, ETC.
Summary, etc. Kept for one year
520 ## - SUMMARY, ETC.
Summary, etc. Website includes selected articles from the current issue and free registration to a weekly email newsletter.
554 ## -
-- Ten per year
651 #4 - SUBJECT ADDED ENTRY--GEOGRAPHIC NAME
Geographic name International
690 ## - LOCAL SUBJECT ADDED ENTRY--TOPICAL TERM (OCLC, RLIN)
Topical term or geographic name as entry element Arts and antiques
9 (RLIN) 6217
856 41 - ELECTRONIC LOCATION AND ACCESS
Uniform Resource Identifier <a href="https://www.theartnewspaper.com">https://www.theartnewspaper.com</a>
Public note View further information at www.theartnewspaper.com...
942 ## - ADDED ENTRY ELEMENTS (KOHA)
Suppress in OPAC 0
948 ## - LOCAL PROCESSING INFORMATION (OCLC); SERIES PART DESIGNATOR (RLIN)
c (OCLC) 06/03/1997
Holdings
Withdrawn status Lost status Source of classification or shelving scheme Damaged status Not for loan Home library Current library Shelving location Date acquired Total Checkouts Full call number Barcode Date last seen Price effective from Koha item type
    Other/Generic Classification Scheme     London London Gallery 23/04/2004   ART NEWSPAPER 99064-1001 06/08/2019 06/08/2019 Journal